Finanzas bursátiles (Registro nro. 3908)

Detalles MARC
000 -CABECERA
campo de control de longitud fija 00684nam a22002297a 4500
005 - FECHA Y HORA DE ACTUALIZACIÓN
campo de control 20160916153741.0
008 - LONGITUD FIJA
campo de control de longitud fija 150312b xxu||||| |||| 00| 0 spa d
041 ## - IDIOMA
Código de idioma del texto/pista de sonido o título separado
082 ## - CLASIFICACIÓN DECIMAL DEWEY
Número de clasificación 658.15 A973f
100 ## - AUTOR PERSONAL
Nombre de persona Ayala Brito, Gamaliel
100 ## - AUTOR PERSONAL
Nombre de persona Becerril Sánchez, Betel
245 ## - TÍTULO PROPIAMENTE DICHO
Título Finanzas bursátiles
260 ## - PIE DE IMPRENTA
Lugar de publicación, distribución, etc. México
Nombre del editor, distribuidor, etc. Instituto Mexicano de Contadores Públicos
Fecha de publicación, distribución, etc. 2011
300 ## - DESCRIPCIÓN FÍSICA
Extensión 272 páginas
650 ## - Materia General
Materia general ADMINISTRACION FINANCIERA
650 ## - Materia General
Materia general FINANZAS
650 ## - Materia General
Materia general MERCADO DE VALORES
650 ## - Materia General
Materia general SOCIEDADES DE INVERSION
650 ## - Materia General
Materia general ANALISIS FINANCIERO
650 ## - Materia General
Materia general MERCADOS FINANCIEROS
942 ## - Punto de Acceso Adicional Koha
Tipo de ítem Koha Libro
Existencias
Estado perdido Estado dañado No para préstamo Biblioteca permanente Biblioteca actual Signatura completa Código de barras Precio efectivo a partir del Tipo de ítem
      Departamento de Biblioteca y Documentación Alfonso Chase Brenes Departamento de Biblioteca y Documentación Alfonso Chase Brenes 658.15 A973f 19089 07/10/2016 Libro